000 00546nam a2200181 i 4500
001 42726
003 ES-MaACL
005 20230906160652.0
007 t|
008 030313s1969 sp ||||1| spa d
100 1 _aCerdá Masso, Ramón.
_937462
245 1 0 _aLingüística hoy /
_cRamón Cerdá Masso ; prólogo de A. M. Badía Margarit.
260 _a[Barcelona] :
_bTeide,
_c[1969]
300 _a158 p. ;
_c19 cm.
650 4 _aLingüística.
_914463
700 1 _aBadia i Margarit, Antoni M.
_924542
852 _aES-MaACL
_jC-35843
_bR.69467
999 _c42726
_d42726